Brawl Stars Tout les brawlers (Mai-Juin 2025) - Statistiques

Statistiques générales
  • Ce quiz a été pris 197 fois
  • Le résultat moyen est 48 sur 93
Statistiques - réponses
Rareté Réponse % Correct
Premier Brawler Shelly
96%
Rare Colt
91%
Rare El Costo
82%
Rare Rosa
78%
Mythique Buzz
77%
Rare Nita
77%
Rare Bartaba
76%
Légendaire Spike
76%
Rare Bull
75%
Légendaire Léon
75%
Légendaire Corbac
73%
Rare Poco
73%
Brawler Temporaire Buzz l'éclair
72%
Super Rare Jessie
70%
Rare Brock
69%
Super Rare Dynamike
68%
Épique Polly
67%
Super Rare Tick
67%
Super Rare Penny
66%
Légendaire Ambre
65%
Légendaire Kenji
65%
Épique Bo
64%
Ultra-Légendaire Kaze
64%
Super Rare Darryl
63%
Épique Frank
63%
Super Rare Ricochet
63%
Mythique Mortis
62%
Légendaire Surge
61%
Épique Edgar
59%
Légendaire Émeri
59%
Super Rare Jacky
59%
Légendaire Meg
58%
Mythique Tara
58%
Super Rare Carl
57%
Légendaire Cordelius
55%
Épique Mandy
55%
Super Rare Gus
54%
Légendaire Kit
54%
Épique Gaël
53%
Légendaire Draco
52%
Super Rare A.R.K.A.D
51%
Épique Belle
50%
Épique Éliz@
50%
Épique Stu
50%
Épique Pam
49%
Épique Billie
48%
Légendaire Chester
48%
Épique Béa
46%
Mythique Byron
46%
Épique Colette
46%
Mythique D'Jinn
46%
Épique Hank
46%
Mythique Fang
45%
Mythique Lily
45%
Épique Sam
43%
Mythique Max
42%
Mythique Monsieur M.
42%
Épique Angelo
41%
Épique Griff
41%
Épique Grom
41%
Mythique Lou
41%
Mythique Médor
41%
Épique Ash
40%
Épique Nani
40%
Épique Shade
40%
Épique Bonnie
39%
Mythique Wally
39%
Épique Berry
38%
Mythique Janet
38%
Épique Maisie
38%
Mythique Chuck
37%
Mythique Gray
37%
Épique Larry & Lawrie
37%
Épique Lola
37%
Mythique Willow
37%
Mythique Jae-Yong
36%
Mythique Juju
36%
Mythique Squeak
36%
Mythique Doug
35%
Mythique Eve
35%
Mythique Lumi
35%
Mythique Mico
35%
Mythique Buster
34%
Mythique Charlie
34%
Mythique Melody
33%
Mythique Moe
33%
Mythique Ollie
33%
Mythique R-T
33%
Mythique Clancy
32%
Mythique Finx
32%
Épique Meeple
32%
Épique Pearl
31%
Mythique Otis
30%
Aucun quiz correspondant
Distribution des résultats
% des personnes avec chaque résultat
Percentile par nombre de réponses
Votre historique - résultats
Vous n’avez pas pris ce quiz